• 首页
  • 本馆介绍
  • 公告通知
  • 最新文献
  • 馆藏检索
  • 电子资源
  • 读者导购
  • 参考咨询
  • 我的图书馆
  • 登录
  • 详细信息显示
  • 放入我的书架
  • 预约/预借图书
  • 作者相关作品
  • 分类相关作品
  • 丛书相关作品
  • 出版社相关作品

书目信息

  • 表格格式
  • 工作单格式
  • 卡片格式
题名:
云南省人工经济园林引种区土地利用生态安全及优化配置
    
 
作者: 赵筱青 , 顾泽贤 著
分册:  
出版信息: 北京   科学出版社  2021.4
页数: 276页
开本: 26cm
丛书名:
单 册:
中图分类: S727.3 , F321.1
科图分类:
主题词: 人工林--经济林--土地利用--生态安全--研究--云南 , 人工林--经济林--土地利用--优化配置--研究--云南
电子资源:
ISBN: 978-7-03-068375-5
000 01205nam0 2200265 45
001 012001000381
005 20140911135422.0
010    @a978-7-03-068375-5@dCNY198.00
100    @a20210625d2021 em y0chiy50 ea
101 0  @achi
102    @aCN@b110000
105    @aa z 000yy
106    @ar
200 1  @a云南省人工经济园林引种区土地利用生态安全及优化配置@Ayun nan sheng ren gong jing ji yuan lin yin zhong qu tu di li yong sheng tai an quan ji you hua pei zhi@b专著@f赵筱青,顾泽贤著
210    @a北京@c科学出版社@d2021.4
215    @a276页@c图@d26cm
330    @a本书分析了人工经济园林种植后土地利用格局的变化特点;运用二元Logistic回归模型揭示土地利用时空变化的重要影响因素;通过模糊综合评价模型和景观生态安全度模型,分析土地利用变化引起的生态安全时空分异特征;从土地生态安全角度,以社会、经济和生态等综合效益最大为目标,研究人工经济园林引种区土地利用优化配置方法及模式。
606 0  @a人工林@x经济林@x土地利用@x生态安全@x研究@y云南
606 0  @a人工林@x经济林@x土地利用@x优化配置@x研究@y云南
690    @aS727.3@v5
690    @aF321.1@v5
701  0 @a赵筱青@Azhao xiao qing@4著
701  0 @a顾泽贤@Agu ze xian@4著
801  0 @aCN@bBJSDL@c20211011
905    @b1331356-9@dS727.3@e151@f4
    
    云南省人工经济园林引种区土地利用生态安全及优化配置/赵筱青,顾泽贤著.-北京:科学出版社,2021.4
    276页:图;26cm
    
    
    ISBN 978-7-03-068375-5:CNY198.00
    本书分析了人工经济园林种植后土地利用格局的变化特点;运用二元Logistic回归模型揭示土地利用时空变化的重要影响因素;通过模糊综合评价模型和景观生态安全度模型,分析土地利用变化引起的生态安全时空分异特征;从土地生态安全角度,以社会、经济和生态等综合效益最大为目标,研究人工经济园林引种区土地利用优化配置方法及模式。
●
相关链接 在E读中查询图书 在五车中查询图书 在当当中查询图书 在豆瓣中查询图书


正题名:云南省人工经济园林引种区土地利用生态安全及优化配置     索取号:S727.3/151         预约/预借

序号 登录号 条形码 馆藏地/架位号 状态 备注
1 1331356   213313564   第二样本阅览室/ [索取号:S727.3/151] 在馆    
2 1331357   213313573   第三借阅区/ [索取号:S727.3/151] 在馆    
3 1331358   213313582   第三借阅区/ [索取号:S727.3/151] 在馆    
4 1331359   213313591   第三借阅区/ [索取号:S727.3/151] 在馆    
唐山师范学院图书馆 欢迎您!
大连网信软件有限公司© 版权所有